000 00644nam a22002177a 4500
005 20170124110046.0
010 _aA-996428
020 _c45.00
_a8186190880
035 _aA-996428
037 _bCen Lib/Ret
040 _aDPL
_bEN
082 _a796.342
_bTHA
100 _aThani, Lokesh
_924581
245 _aHow to play tennis /
_cby Lokesh Thani
260 _aNew Delhi
_bSports Publications
_c2000
270 _bNew Delhi
_ashiv market , ashok vihar
_e110052
300 _a48p. ;
_c21cm(Hb)
_bill.
650 _aGames
_xTennis
_924582
650 _aSkills and techniques
_924583
942 _2ddc
_cEN
_h796.342
_mTHA
999 _c128840
_d128840